| 000 | 00000nam 2200000zi 4500 |
| 001 | 9.892925 |
| 003 | CaOODSP |
| 005 | 20230503123425 |
| 006 | m o d f |
| 007 | cr |n||||||||| |
| 008 | 201028e200305##oncd ob f000 0|eng d |
| 040 | |aCaOODSP|beng|erda|cCaOODSP |
| 043 | |an-cn--- |
| 086 | 1 |aIu64-199/2003E-PDF |
| 245 | 00|aNet impact study Canada : |bthe international experience : interim report / |cCanada e-Business Initiative. |
| 264 | 1|a[Ottawa] : |bIndustry Canada, |cMay 2003. |
| 300 | |a1 online resource (28 pages) : |bgraphs |
| 336 | |atext|btxt|2rdacontent |
| 337 | |acomputer|bc|2rdamedia |
| 338 | |aonline resource|bcr|2rdacarrier |
| 500 | |aDigitized edition from print [produced by Innovation, Science and Economic Development Canada]. |
| 500 | |aIssued also in French under title: Étude canadienne de l'impact d'Internet : l'expérience internationale : un rapport intermédiaire. |
| 504 | |aIncludes bibliographical references. |
| 650 | 0|aElectronic commerce|zCanada. |
| 650 | 0|aSmall business|xTechnological innovations|zCanada. |
| 650 | 0|aBusiness enterprises|xTechnological innovations|zCanada. |
| 650 | 0|aInternet|xEconomic aspects|zCanada. |
| 710 | 1 |aCanada. |bIndustry Canada, |eissuing body. |
| 710 | 2 |aCanadian E-Business Initiative, |eissuing body. |
| 775 | 08|tÉtude canadienne de l'impact d'Internet : |w(CaOODSP)9.922213 |
| 856 | 40|qPDF|s3.23 MB|uhttps://publications.gc.ca/collections/collection_2023/isde-ised/iu64/Iu64-199-2003-eng.pdf |